000
00295nam a22001337a 4500
008
190129b xxu||||| |||| 00| 0 eng d
020
_a
0-07-115090-0
041
_a
eng
080
_a
611
100
_a
6-7
101
_a
611
245
_a
Anatomy & Physiology
_c
Seeley R. Rod
942
_2
udc
_c
BK
999
_c
53834
_d
53834